| 000 | 00495nam a22001697a 4500 | ||
|---|---|---|---|
| 003 | OSt | ||
| 005 | 20251024005431.0 | ||
| 008 | 251007b |||||||| |||| 00| 0 eng d | ||
| 020 | _a971-0459-52-0. | ||
| 040 |
_aDWCL-Main lib _cOC |
||
| 082 | _aFil. 128 Ar712p 2009 | ||
| 100 | _aAriola, Mariano M. | ||
| 245 |
_aPhilosophy of human person : _ba simplified text |
||
| 260 |
_aQuezon City : _bWiseman's Books Trading, _cc2009. |
||
| 300 |
_axi, 123 pages ; _c23 cm. |
||
| 942 |
_2ddc _cBK - FIL _kFil. _n0 |
||
| 999 |
_c4656 _d4656 |
||